000 00256nam a22001097a 4500
082 _a737.4 REI'H
100 _aREINFELD, FRED
_957958
245 _aHOW TO BUILD A COIN COLLECTION
260 _aNEWYORK
_bBARNES & NOBLE
_c1959
300 _a158P
942 _cBK
999 _c568194
_d568194